000 00316nam a22001337a 4500
008 170519b xxu||||| |||| 00| 0 eng d
020 _a2900131930703
041 _aeng
080 _24TH
_a94
100 _a16
101 _aSHH
245 _aTHE CHALLENGE OF THIRD WORLD DEVELOPMENT
_cHANDELMAN,H
942 _2udc
_cBK
999 _c13533
_d13533